000 00655nam a2200229 a 4500
001 0001-2052
003 ELIB.Books
008 190716 2010 eng
020 _aKBTS
092 _a362.74
_bCap
100 _aCapuzzi, David.
245 _aYouth at Risk:
_bA prevention Resource for Counselors, Teachers, and Parents
250 _aFourth Edition
260 _aAlexandria
_bAmerican Counseling Association
_c2004
300 _a459
_c29 Cm
650 _aEducation
856 _nKBTS Library
_uKBTS Elib
942 _2ddc
_cBK
990 _a1
998 _aEnglishbooks.elf
_ccat
_e2019-07-16
_mcat
_u2019-07-16
999 _c12052
_d12052